| 000 | 00544nam a2200181Ia 4500 | ||
|---|---|---|---|
| 003 | IN-BaIIA | ||
| 008 | 211028s9999 xx 000 0 eng d | ||
| 040 | _cIIA Library | ||
| 080 |
_a778.34 _bCLA |
||
| 100 |
_aClark, Walter _92082 |
||
| 245 | 0 |
_aPhotography by infrared _bvol.1, its principles and applications _cWalter Clark |
|
| 250 | _a2nd ed. | ||
| 260 |
_aNew York _bJohn Wiley & Sons _c1947 |
||
| 300 | _axvii, 472p. | ||
| 650 |
_aInfrared Photography _92083 |
||
| 650 |
_aPhotography _92084 |
||
| 942 | _cBK | ||
| 999 |
_c968 _d968 |
||